Intercambio comercial Argentino segun C.U.C.I. 1982

Na minha lista:
Detalhes bibliográficos
Formato: Livro
Idioma:português
Publicado em: Buenos Aires Instituto Nacional de Estadistica y Censos 1982
Tags: Adicionar Tag
Sem tags, seja o primeiro a adicionar uma tag!

MARC

LEADER 00000nam a2200000 4500
001 c112862
005 20041019155154.1
041 0 |a por 
044 |a AR 
245 1 0 |a Intercambio comercial Argentino segun C.U.C.I. 1982 
264 1 |a Buenos Aires  |b Instituto Nacional de Estadistica y Censos  |c 1982 
300 |a 10 s.